zpět

Detail výsledku týmu

Pub Na Plech ČT - Žižkov, Praha

Datum a čas kvízu

26.5 Celkem bodů Celkový počet nahraných bodů na tomto kvízu bez doplňovacích otázek.
10. Pořadí na kvízu Konečné umístění týmu na tomto kvízu.

Zaznamenané odpovědi

# Otázka Odpověď Body Výsledky
1. Která sedmipodlažní budova obc... Kotva 1
2. K bezprecedentnímu kroku se od... už nenabízí alkohol 0
3. Která poměrně mladá zpěvačka z... Billie Eilish 1
4. Minulý týden byl spuštěn elekt... DiPSy 0
5. Jak se jmenuje 38letý český cy... Zdeněk Štybar 1
6. Ve třetím díle cestovatelského... Jeseník 0
7. Stále větší oblibě cestovatelů... portugalština 0
8. Ve kterém americkém městě může... v Los Angeles 1
9. S písmenem M se vracíme do Čes... v Mníšku pod Brdy 0
10. Ve kterém století byl vybudová... v 19. století 1